Podnikanie na kľúč

Podnikanie formou franchisingu. Formy: package franchising a výrobkový franchising. Výhody franchisingového podnikania. Koncepcia franchisingu v rôznych odboroch podnikania. Nevýhody franchisingu.

Gespeichert in:
Bibliographische Detailangaben
1. Verfasser: Vyparina, S.
Format: Buchkapitel
Sprache:Slowakisch
Schlagworte:
Tags: Tag hinzufügen
Keine Tags, Fügen Sie das erste Tag hinzu!

MARC

LEADER 00000naa a2200000 4500
001 r021543
005 20251104123821.0
041 0 |a slo 
044 |a SK 
245 1 0 |a Podnikanie na kľúč  |c S. Vyparina 
520 |a Podnikanie formou franchisingu. Formy: package franchising a výrobkový franchising. Výhody franchisingového podnikania. Koncepcia franchisingu v rôznych odboroch podnikania. Nevýhody franchisingu. 
610 2 0 |a franchising 
610 2 0 |a podnikanie obchodné 
610 2 0 |a technika obchodná 
100 1 |a Vyparina, S.